Word Ladder: Video Game Titles and Consoles Quiz Stats

 Plays Quiz Updated Sep 30, 2018

Challenge
Share
Tweet
Embed
Score 0/40 Timer 04:00
0 Plays Today
Hint 4-Letter Word % Correct
1981: Platform game with a giant ape, 'Donkey ___'•KONG•
97.8%
1999: Skateboarding game, '___ Hawk's Pro Skater'•TONY•
95.7%
Very smallTINY
95.5%
1994: Makers of the PlayStation•SONY•
95.2%
Dickens novel, 'A ___ of Two Cities'TALE
94.7%
1972: Table tennis simulator•PONG•
94.7%
Contact via telephoneCALL
93.7%
Words set to musicSONG
93.2%
2011: Sandbox building game, '___craft'•MINE•
92.5%
2004: Karaoke style game, '___Star'•SING•
91.6%
Sheet of glass in a window or doorPANE
91.5%
Bundle of hayBALE
91.3%
Trigonometric functionSINE
91.2%
1989: Handheld console, '___ Boy'•GAME•
90.3%
2001: Arcade platform game, 'Super Monkey ____'•BALL•
90.3%
Super Bowl LI's halftime performing pop star, LadyGAGA
89.4%
A kind of woodPINE
89.3%
Prong on a forkTINE
89%
Film featuring Eminem, '8 ___'MILE
88.3%
Sudden, sharp pain or emotionPANG
87.9%
Hint 4-Letter Word % Correct
1994: Fighting game, 'The ___ of Fighters'•KING•
86.4%
2012: Match-three puzzle game, 'Candy Crush ___'•SAGA•
85.6%
Domesticated, like an animalTAME
85.6%
Garden toolRAKE
84.8%
To get hold of and removeTAKE
84.4%
Scrabble playing pieceTILE
83.7%
2002: Stealth shooter game, 'Tom Clancy's Splinter ___'•CELL•
82.7%
1995: First person shooter '___ Crisis'•TIME•
82.4%
Culinary herbSAGE
81.6%
Video game developer, creator of Sonic series•SEGA•
81.1%
2003: Nokia handheld gaming mobile phone 'N-___'•GAGE•
81%
1994: First person shooter, 'Doom II: ___ on Earth'•HELL•
80.7%
1999: Survival horror game, 'Silent ___'•HILL•
79.4%
Extremely unpleasant, disgustingVILE
79.2%
Factory fitted with machinery for manufacturingMILL
79.1%
1991: Beat 'em up, 'Streets of '___'•RAGE•
78.3%
1989: 16-bit console known in US as 'Genesis', '___ Drive'•MEGA•
65.6%
Form of self-defense and physical training, 'Krav ___'MAGA
65.1%
2002: Open world action-adventure game, 'GTA: ___ City'•VICE•
61.1%
1990: Space combat simulator, '___ Commander'•WING•
51.5%

Today's Daily Dose

Missing Word
Hayao Miyazaki

Word Ladder
Florida

On This Day
December 13th II

You're not logged in!

Compare scores with friends on all Sporcle quizzes.
OR
Log In

You Might Also Like...

Show Comments

Extras

Top Quizzes Today


Score Distribution

Your Account Isn't Verified!

In order to create a playlist on Sporcle, you need to verify the email address you used during registration. Go to your Sporcle Settings to finish the process.

Report this User

Report this user for behavior that violates our Community Guidelines.

Details: